Research methodology a step-by-step guide for beginners

Saved in:
Bibliographic Details
Main Author: KUMAR, Ranjit
Format: Book
Language:English
Published: Sage Publications 2014
Tags: Add Tag
No Tags, Be the first to tag this record!

MARC

LEADER 00000nam a22000007a 4500
008 210329b ||||| |||| 00| 0 eng d
020 |a 978-1-4462-6997-8 
100 |a KUMAR, Ranjit. 
245 |a Research methodology  |b a step-by-step guide for beginners  |c Ranjit Kumar  |g xxvii, 399p.; ill. 
250 |b 4th ed. 
260 |b Sage Publications  |c 2014  |h Los Angeles  |i 691950  |i 691951  |l H62 .K96  |m Social sciences – Research – Methodology. 
500 |a “It includes bibliography and index” 
942 |a lcc  |c BK  |e YUNUSA, A.A.  |f 29/3/2021 
952 |0 0  |1 0  |2 lcc  |4 0  |6 H0062 K96  |7 0  |9 1989  |a HOL  |b SSL  |c GJ  |d 2021-03-29  |l 0  |o H62 .K96  |p 2021-5850  |r 2021-03-29 00:00:00  |w 2021-03-29  |y BK 
952 |0 0  |1 0  |2 lcc  |4 0  |6 H0062 K96  |7 0  |9 1990  |a HOL  |b HOL  |c GJ  |d 2021-03-29  |l 0  |o H62 .K96  |p 2021-5851  |r 2021-03-29 00:00:00  |w 2021-03-29  |y BK 
999 |c 1042  |d 1042